Responses for Show #5988 - Wednesday, September 29, 2010

Kara Spak game 5.

Contestants

[<< previous game]

Molly Zeigler, a mom and graduate student from Buffalo, New York

Claire Bea, a legal assistant from Washington, D.C.

Kara Spak, a newspaper reporter from Chicago, Illinois (whose 4-day cash winnings total $70,401)

[next game >>]

Jeopardy! Round responses

LITERARY LINES
SCARY STARTS
A FREEZER FULL OF FOOD
TRAVEL & TOURISM
COLORFUL CREATURES
ALLITERATION ALL AROUND
    $200 3
Jane Eyre

Kara
    $200 20
Jamie Lee Curtis

Claire
    $200 1
a Klondike Bar

Kara
    $200 19
Edinburgh

Kara
    $200 25
(Kara: What is the gray elephant?)

the blue whale

KaraClaire
    $200 14
a pencil pusher

Claire
    $400 5
Fahrenheit 451

Molly
    $400 21
(John) Travolta

Kara
    $400 2
frozen pizzas

Claire
    $400 13
Club Med

Claire
    $400 26
(Claire: What is a black widow?)

the brown recluse

Claire
Triple Stumper
    $400 15
the Brooklyn Bridge

Triple Stumper
    $600 6
(Kara: What is The Red Pony?)

The Good Earth

Kara
Triple Stumper
    $600 22
Jason Alexander

Kara
    $600 4
Eggo (Eggos accepted)

Claire
    $600 11
Hemingway

Kara
    $600 27
a black bear

Claire
    $600 16
the Big Bang

Claire
    $800 7
Uncle Tom's Cabin

Claire
    $800 23
Katherine Heigl

Kara
    $800 9
Hungry-Man

Kara
    $800 12
a safari

Molly
    $800 28
the white-tailed deer

Kara
    $800 17
goodness gracious

Kara
    $1000 8
Tolstoy

Kara
    $1000 24
(Alex: With a minute to go.)

George Clooney

Kara
    $1000 10
Tyson

Triple Stumper
    $1000 18
(Kara: What is Thailand?)

Hong Kong

Kara
Triple Stumper
    $1000 29
the purple martin

Triple Stumper
    $3,000 30
a pressure point

Kara

Scores at the first commercial break (after clue 15):

Kara Claire Molly
$2,200 $2,400 $1,200

Scores at the end of the Jeopardy! Round:

Kara Claire Molly
$8,600 $3,600 $1,200

Double Jeopardy! Round responses

20th CENTURY HISTORY
MUSIC OF THE NIGHT
INDIANA JONESING
THE DOCTOR IS IN
SACRED TO THIS RELIGION
(Alex: You have to identify the religion.)
IT'S ABOUT TIME
    $400 10
Beijing

Claire
    $400 3
"Night Fever"

Molly
    $400 9
Clarksville

Molly
    $400 18
Dr Pepper

Molly
    $400 1
(Claire: What is Judaism?)

Christianity

ClaireMolly
    $400 14
the minutes

Kara
    $800 11
Alexander Haig

Triple Stumper
    $800 4
Air Supply

Kara
    $800 15
Lucas Oil

Triple Stumper
    $800 19
Dr. Oz

Kara
    $800 2
Judaism

Kara
    $800 23
(Alex: With a minute left.)

a second

Claire
    $3,600 12
(Claire: What is 1948?)
(Alex: Oh, no. It was the return of General Douglas MacArthur to the Philippines in [*].)

1944

Claire
    $1200 5
Sheryl Crow

Kara
    $1200 20
Dr. Seuss

Kara
    $1200 13
Islam

Triple Stumper
    $1200 24
(Molly: What is a minute?)

an hour

Molly
Triple Stumper
    $1600 16
Alan Shepard

Triple Stumper
    $1600 6
[NOTE: The actual title is "December, 1963".]

Late December back in '63

Kara
    $1600 21
[Molly gave both listed responses.]

Dr. Martens (Doc Martens)

Molly
    $1600 27
[The end-of-round signal sounds.]

The Yearling

Kara
    $2000 17
(Kara: Who is Peary?)

Matthew Henson

Kara
Triple Stumper
    $2000 7
"Twistin' The Night Away"

Triple Stumper
    $2000 8
Wendell Willkie

Triple Stumper
    $2000 22
Doc Holliday

Claire
    $1,000 25
(Claire: What is Hinduism?)

Buddhism

Claire
    $2000 26
a moment

Claire

Scores at the end of the Double Jeopardy! Round:

Kara Claire Molly
$15,000 $3,800 $3,200
(lock game)

[wagering suggestions for these scores]

Final Jeopardy! Round responses

GEOGRAPHIC TERMS
MollyWhat is landlocked
$3,199
ClaireWhat is landlocked?
$3,800
KaraWhat is great?
$2,000
landlocked

Final scores:

Kara Claire Molly
$13,000 $7,600 $6,399
5-day champion: $83,401 2nd place: $2,000 3rd place: $1,000

Game dynamics:

Coryat scores:

Kara Claire Molly
$13,000 $8,400 $3,200
21 R
(including 1 DD),
4 W
13 R,
4 W
(including 2 DDs)
7 R,
1 W

Combined Coryat: $24,600

[game clues] [game scores] [suggest correction]

Game tape date: 2010-08-03
The J! Archive is created by fans, for fans. Scraping, republication, monetization, and malicious use prohibited; this site may use cookies and collect identifying information. See terms. The Jeopardy! game show and all elements thereof, including but not limited to copyright and trademark thereto, are the property of Jeopardy Productions, Inc. and are protected under law. This website is not affiliated with, sponsored by, or operated by Jeopardy Productions, Inc. Join the discussion at JBoard.tv.